1641 1430 1757 1384 1123 1541 1406 1018 1414 1986 1570 1329 1391 1490 1140 1136 1170 1820 1989 1104 1063 1267 1377 1133 1518 1582 1918 1848 1045 1849 1630 1968 1551 1727 1992 1650 1477 1524 1203 1645 1777 1808 1136 1002 1995 1369 1836 1424 1124 1926 1982 1170 1493 1311 1352 1417 1182 1823 1881 1502 1677 1499 1208 1899 1073 1448 1399 1513 1312 1588 1781 1793 1230 1283 1440 1988 1656 1629 1409 1196 1352 1538 1263 1645 1877 1240 1238 1621 1648 1581 1689 1205 1054 1209 1362 1947 1050 1467 1536 BCNSPRNW ULIB Ver.6.0+V

เปลี่ยนเป็นภาษาไทย

Change to English
 แสดงรายละเอียดบรรณานุกรม
  กลับหน้าหลัก

Brief Record : Get Marc (ISO 2709) : E-mail record : QR code < ปิดหน้าต่าง
LEADER : 00000nam 2200000uu 4500
001    13399121166
003     ULIB
008    121107s2548||||th 000 0 tha d
020    ^a9749940334
050  4 ^aLB^bป467ก
110    ^aจุฬาลงกรณ์มหาวิทยาลัย
245    ^aการใช้เหตุผล:ตรรกวิทยาเชิงปฏิบัติการ/^cจุฬาลงกรณ์มหาวิทยาลัย
250    ^aพิมพ์ครั้งที่ 8
260    ^aกรุงเทพฯ :^bจุฬาลงกรณ์มหาวิทยาลัย.,^c2548
300    ^a241 หน้า;^b21 ซม.
650    ^aการอ้างเหตุผล
650    ^aตรรกวิทยา
650    ^aความคิดและการคิด
945    ^p150^l0^i24028
950    ^aวิภา
999    ^aวิภา
รายการนี้ยังไม่มีแท็ก
คุณยังไม่ได้ล็อกอิน คุณสามารถมีกิจกรรมร่วมกับเว็บไซต์ได้ แต่ต้องล็อกอินก่อน ::
  ล็อกอิน

รายการสื่อสารสนเทศ

ลำดับที่ ประเภท เลขเรียก/บาร์โค้ด สถานที่ สถานะ
1. วิทยาศาสตร์การแพทย์ และสุขภาพ
วิทยาศาสตร์การแพทย์ และสุขภาพ
LB ป467ก  
  Barcode: 24028
ห้องสมุดวิทยาเขตสวรรค์ประชารักษ์
►หนังสือทั่วไป
บนชั้น

รายการใกล้เคียง
    หัวเรื่อง [ตรรกวิทยา]
    หัวเรื่อง [ความคิดและการคิด]

BibComment


ยังไม่เคยถูกคอมเมนท์

คอมเมนท์ทรัพยากรรายการนี้
  คอมเมนท์: การใช้เหตุผลตรรก..


 Copyright 2026. Bcnsprnw @Library